000
00318nam a2200145Ia 4500
100
_a
Ayarwal/ B.L.
942
_c
BK
654
_a
Mathematics
245
_a
Programmed Statistics
260
_b
New Age Int (P) Ltd
_a
New Delhi
_c
1996
082
_a
519.077
_b
AGA
300
_a
605
546
_a
ENGLISH
999
_c
31894
_d
31894